[Event "Bordeaux"]
[Site "Bordeaux"]
[Date "2013.10.29"]
[Round "5"]
[White "Maisonnet, Emmanuel"]
[Black "Merlet, Francois"]
[Result "1-0"]
[WhiteElo "1694"]
[BlackElo "1635"]
[PlyCount "115"]
[EventDate "2013.10.26"]
[EventType "tourn"]
[EventRounds "9"]
[EventCountry "FRA"]
[SourceTitle "EXT 2015"]
[Source "ChessBase"]
[SourceDate "2014.11.20"]
[SourceVersion "1"]
[SourceVersionDate "2014.11.20"]
[SourceQuality "1"]

1. d4 d5 2. c4 e6 3. Nf3 Nf6 4. a3 c6 5. Nc3 Nbd7 6. Qc2 Qa5 7. Bd2 Qd8 8. e3 Bd6 9. Be2 0-0 10. 0-0 a6 11. b4 b5 12. c5 Bc7 13. a4 Bb7 14. axb5 axb5 15. Kh1 e5 16. dxe5 Nxe5 17. Nxe5 Bxe5 18. f4 Bxc3 19. Bxc3 Qe7 20. Bxf6 Qxf6 21. Rxa8 Rxa8 22. Bd3 h6 23. e4 Ra1 24. Rxa1 Qxa1+ 25. Qb1 Qxb1+ 26. Bxb1 dxe4 27. Bxe4 Kf8 28. Kg1 Ke7 29. Kf2 Ke6 30. h4 f5 31. Bf3 Kf6 32. Ke3 g5 33. fxg5+ hxg5 34. g3 f4+ 35. gxf4 gxh4 36. Ke4 h3 37. Bh1 h2 38. Kf3 Kf5 39. Kg3 Ba8 40. Bg2 Bb7 41. Kf3 Ba8 42. Ke3 Bb7 43. Be4+ Kf6 44. Kf2 h1Q 45. Bxh1 Kf5 46. Ke3 Kf6 47. Be4 Ba8 48. Kf3 Bb7 49. Kg3 Kg7 50. Kh4 Kf6 51. Kh5 Ba8 52. Kh6 Bb7 53. Kh7 Kf7 54. Bf5 Kf6 55. Bd7 Ke7 56. Kg7 Kxd7 57. f5 Kd8 58. f6 1-0

[Event "Bordeaux"]
[Site "Bordeaux"]
[Date "2013.10.28"]
[Round "4"]
[White "Merlet, Francois"]
[Black "Roch, Florian"]
[Result "0-1"]
[WhiteElo "1635"]
[BlackElo "1787"]
[PlyCount "148"]
[EventDate "2013.10.26"]
[EventType "tourn"]
[EventRounds "9"]
[EventCountry "FRA"]
[SourceTitle "EXT 2015"]
[Source "ChessBase"]
[SourceDate "2014.11.20"]
[SourceVersion "1"]
[SourceVersionDate "2014.11.20"]
[SourceQuality "1"]

1. d4 Nf6 2. Nf3 e6 3. Bg5 d5 4. e3 Be7 5. Nbd2 0-0 6. Bd3 Nbd7 7. c3 c5 8. Bf4 a6 9. Ne5 Qb6 10. Qb3 Qa7 11. Qd1 Qb6 12. Qb3 Qxb3 13. axb3 Nh5 14. Nxd7 Bxd7 15. Bc7 Rac8 16. Bb6 cxd4 17. Bxd4 Bd6 18. f4 f5 19. Nf3 Nf6 20. Be5 Bc5 21. Bd4 Ng4 22. Ke2 Nf6 23. b4 Bd6 24. Be5 Be7 25. Nd4 Ng4 26. Nf3 Be8 27. h3 Nf6 28. Rag1 Bh5 29. g4 fxg4 30. hxg4 Bxg4 31. Bxh7+ Kf7 32. Bxf6 Bxf3+ 33. Kxf3 Bxf6 34. Bg6+ Ke7 35. Rh7 Ra8 36. Rgh1 a5 37. b5 a4 38. Ra1 Rfc8 39. Bd3 a3 40. Rxa3 Rxa3 41. bxa3 Rxc3 42. Ke2 Rxa3 43. Rh8 Ra2+ 44. Kd1 Bc3 45. Kc1 Bd2+ 46. Kb1 Ra3 47. Kc2 Bxe3 48. Rb8 b6 49. Rb7+ Kf6 50. Rb8 Bc5 51. Rh8 Ra4 52. Rh4 Be3 53. Rg4 Rxf4 54. Rg3 Bc5 55. Rg6+ Kf7 56. Rg3 e5 57. Bg6+ Kf6 58. Be8 g5 59. Rh3 Kg7 60. Rg3 Be7 61. Bc6 d4 62. Rg1 Rf2+ 63. Kd3 Kf6 64. Ke4 Re2+ 65. Kf3 Rc2 66. Kg4 Rc3 67. Rb1 Re3 68. Bd5 Kg6 69. Rf1 d3 70. Be6 d2 71. Rd1 Bb4 72. Bf5+ Kf6 73. Bc2 Re1 74. Kf3 e4+ 0-1

[Event "Bordeaux"]
[Site "Bordeaux"]
[Date "2013.10.26"]
[Round "1"]
[White "Merlet, Francois"]
[Black "Boizante, Yvain"]
[Result "0-1"]
[WhiteElo "1635"]
[BlackElo "2190"]
[PlyCount "88"]
[EventDate "2013.10.26"]
[EventType "tourn"]
[EventRounds "9"]
[EventCountry "FRA"]
[SourceTitle "EXT 2015"]
[Source "ChessBase"]
[SourceDate "2014.11.20"]
[SourceVersion "1"]
[SourceVersionDate "2014.11.20"]
[SourceQuality "1"]

1. d4 Nf6 2. Nf3 g6 3. Bg5 Bg7 4. Nbd2 0-0 5. c3 d5 6. e3 Nbd7 7. Bd3 b6 8. e4 dxe4 9. Nxe4 Bb7 10. Ng3 c5 11. 0-0 Qc7 12. Re1 h6 13. Bxf6 Bxf6 14. Be4 Rad8 15. Bxb7 Qxb7 16. Ne4 Bg7 17. Qb3 cxd4 18. Nxd4 Nf6 19. Nxf6+ Bxf6 20. Nf3 Kg7 21. Ne5 h5 22. Nf3 Rd5 23. Rad1 Rfd8 24. Rxd5 Qxd5 25. Qxd5 Rxd5 26. Kf1 g5 27. Ke2 g4 28. Nd2 Be5 29. Ne4 Bf4 30. g3 Bh6 31. Rd1 Re5 32. Kd3 f5 33. Nd2 Kf6 34. Nc4 Rd5+ 35. Kc2 Rxd1 36. Kxd1 f4 37. Nd2 f3 38. c4 Ke5 39. Kc2 Kd4 40. b3 Bxd2 41. Kxd2 e6 42. Kc2 e5 43. Kd2 e4 44. a4 a5 0-1

[Event "Cholet-C"]
[Site "Cholet"]
[Date "2012.02.24"]
[Round "9"]
[White "Merlet, Francois"]
[Black "Avril, Simon"]
[Result "1-0"]
[WhiteElo "1620"]
[BlackElo "1550"]
[PlyCount "97"]
[EventDate "2012.02.18"]
[EventType "tourn"]
[EventRounds "9"]
[EventCountry "FRA"]
[SourceTitle "EXT 2013"]
[Source "ChessBase"]
[SourceDate "2012.11.22"]
[SourceVersion "1"]
[SourceVersionDate "2012.11.22"]
[SourceQuality "1"]

1. d4 Nf6 2. Nf3 e6 3. Bg5 c5 4. c3 d5 5. Nbd2 Be7 6. e3 0-0 7. Bd3 Nc6 8. 0-0 Bd7 9. Ne5 Nxe5 10. dxe5 Ne4 11. Bxe7 Qxe7 12. Nxe4 c4 13. Bc2 dxe4 14. Bxe4 Rfd8 15. Qc2 Kh8 16. Bxb7 Ba4 17. Qxa4 Qxb7 18. Qxc4 Rd2 19. Qb3 Qd7 20. Rfd1 Rd8 21. Rxd2 Qxd2 22. c4 Qa5 23. Rd1 f6 24. Rxd8+ Qxd8 25. Qc2 Qa5 26. g3 Qxe5 27. c5 Kg8 28. c6 Qc7 29. Qc4 Kf7 30. b4 Ke7 31. Qc5+ Ke8 32. a4 Qb6 33. Qxb6 axb6 34. b5 g5 35. f3 f5 36. h3 h6 37. g4 Ke7 38. Kf2 Ke8 39. Kg3 Ke7 40. f4 Ke8 41. Kf3 Ke7 42. gxf5 exf5 43. e4 fxe4+ 44. Kxe4 gxf4 45. Kxf4 Kd8 46. Kf5 Kc7 47. Kg6 Kb8 48. Kxh6 Ka7 49. h4 1-0

[Event "Cap d'Agde CCAS op"]
[Site "Cap d'Agde"]
[Date "2010.10.27"]
[Round "5"]
[White "Caille, Vincent"]
[Black "Merlet, Francois"]
[Result "1-0"]
[WhiteElo "1718"]
[BlackElo "1609"]
[PlyCount "75"]
[EventDate "2010.10.23"]
[EventType "swiss"]
[EventRounds "7"]
[EventCountry "FRA"]
[SourceTitle "EXT 2012"]
[Source "ChessBase"]
[SourceDate "2011.11.24"]
[SourceVersion "1"]
[SourceVersionDate "2011.11.24"]
[SourceQuality "1"]

1. e4 c6 2. d4 d5 3. Nc3 dxe4 4. Nxe4 Bf5 5. Ng3 Bg6 6. Nf3 e6 7. h4 h6 8. Bf4 Bd6 9. Ne5 Ne7 10. Nxg6 Nxg6 11. Bxd6 Qxd6 12. Qd2 Nd7 13. h5 Ne7 14. 0-0-0 Nd5 15. Ne4 Qc7 16. c4 N5f6 17. Nc3 0-0-0 18. Kb1 Nb6 19. Qc2 Nxc4 20. Bxc4 Qf4 21. g3 Qf3 22. Qe2 Qf5+ 23. Qd3 Qa5 24. Qe2 Qf5+ 25. Ka1 Rd7 26. Bb3 Rhd8 27. Rh4 Qg5 28. Qe5 Qxe5 29. dxe5 Rxd1+ 30. Nxd1 Nh7 31. Rf4 Ng5 32. a3 Rd2 33. Ka2 Re2 34. Rg4 Ne4 35. Rxg7 Nxf2 36. Rxf7 Nd3 37. Bxe6+ Kb8 38. Bc4 1-0

[Event "Ambes op 3rd"]
[Site "Ambes"]
[Date "2010.04.29"]
[Round "6"]
[White "Ternault, Mathieu"]
[Black "Merlet, Francois"]
[Result "1-0"]
[WhiteElo "1994"]
[BlackElo "1578"]
[PlyCount "53"]
[EventDate "2010.04.24"]
[EventType "swiss"]
[EventRounds "9"]
[EventCountry "FRA"]
[SourceTitle "EXT 2011"]
[Source "ChessBase"]
[SourceDate "2010.11.26"]
[SourceVersion "1"]
[SourceVersionDate "2010.11.26"]
[SourceQuality "1"]

1. d4 d5 2. Nf3 Nf6 3. c4 c6 4. Nc3 e6 5. Bg5 Nbd7 6. e3 Qa5 7. Nd2 Bb4 8. Qc2 0-0 9. Be2 dxc4 10. Bxf6 Nxf6 11. Nxc4 Qg5 12. Bf3 c5 13. a3 cxd4 14. axb4 dxc3 15. bxc3 Rd8 16. 0-0 e5 17. h4 Qxh4 18. Nxe5 Be6 19. Bxb7 Rab8 20. Nf3 Qh6 21. Rfd1 Bd5 22. Rxa7 Rxb7 23. Rxb7 Ra8 24. Rxd5 Nxd5 25. Qa2 Rd8 26. Qxd5 Qf6 27. Rd7 1-0